| 000 | 005110000a22001930004500 | ||
|---|---|---|---|
| 001 | 002437 | ||
| 003 | MACL | ||
| 005 | 20150828134504.0 | ||
| 008 | 150828b xxu||||| |||| 00| 0 eng d | ||
| 040 |
_aMACL _cMACL |
||
| 041 | _aEnglish | ||
| 082 | _a750/EYR | ||
| 100 |
_aArtists, European _97835 |
||
| 245 |
_aLandscape Paintings in the Victoria Memorial _cEuropean Artists |
||
| 260 |
_aCalcutta _c1991 _bVictorial Memorial, |
||
| 350 | _a150 | ||
| 650 |
_aPainting & paintings _97566 |
||
| 942 |
_k750 _cBK _2ddc |
||
| 999 |
_c14349 _d14349 |
||